000 00629nam a2200277Ia 4500
005 20260324133900.0
008 008 260324s9999 xx 000 0 eng d
020 _a9781003063124
037 _aEBOOK
040 _aCRL
040 _beng
040 _cCRL
041 _2eng
041 _aeng
084 _qCRL
100 _aAlastair Williams
_91194745
245 0 _aConstructing Musicology
260 _bTaylor and Francis
260 _c2002
365 _a
365 _b155
856 _uhttp://www.taylorfrancis.com/books/9781003063124
942 _cEBOOK
999 _c1794253
_d1794253